Richard Gere Movies - Statistics

General Stats
  • This quiz has been taken 48 times
  • The average score is 5 of 16
Answer Stats
Hint Answer % Correct
Edward Lewis - 1990 - Los Angeles Pretty Woman
95%
Zack Mayo - 1982 - Washington state An Officer and a Gentleman
60%
Julian Kaye - 1980 - Los Angeles American Gigolo
51%
Billy Flynn - 2002 - Illinois Chicago
51%
Ike Graham - 1999 - Maryland Runaway Bride
49%
Lancelot - 1995 - England First Knight
23%
Martin Vail - 1996 - Chicago Primal Fear
23%
Ed Sumner - 2002 - New York Unfaithful
23%
John Klein - 2002 - Virginia The Mothman Prophecies
19%
Will Keane - 2000 - northeastern USA Autumn in New York
16%
Bill - 1978 - Texas Days of Heaven
12%
Declan Mulqueen - 1997 - USA, Canada The Jackal
12%
Dixie Dwyer - 1984 - New York The Cotton Club
9%
Robert Miller - 2012 - New York Arbitrage
7%
Parker Wilson - 2009 - Rhode Island, Japan Hachi: A Dog's Tale
7%
George - 2014 - New York Time Out of Mind
2%
No matching quizzes found
Score Distribution
Percent of People with Each Score
Percentile by Number Answered
Your Score History
You have not taken this quiz